[Event "Moscow blitz 71st"]
[Site "Moscow"]
[Date "2017.09.03"]
[Round "10"]
[White "Korotylev, Alexey"]
[Black "Sarana, Alexey"]
[Result "1-0"]
[WhiteElo "2573"]
[BlackElo "2541"]
[PlyCount "157"]
[EventDate "2017.09.03"]
[EventType "tourn (blitz)"]
[EventRounds "19"]
[EventCountry "RUS"]
[EventCategory "12"]
[SourceTitle "CBM 180 Extra"]
[Source "ChessBase"]
[SourceDate "2017.10.06"]
[SourceVersion "1"]
[SourceVersionDate "2017.10.06"]
[SourceQuality "1"]

1. Nf3 d5 2. c4 d4 3. b4 c5 4. bxc5 Nc6 5. g3 e5 6. d3 Nf6 7. Bg2 Bxc5 8. O-O O-O 9. Bg5 ({RR} 9. Ba3 Bxa3 10. Nxa3 Qe7 11. Nc2 Rd8 12. Nd2 Bf5 13. Rb1 e4 14. Nxe4 Nxe4 15. dxe4 Bxe4 16. Bxe4 Qxe4 17. Qd3 Qe7 18. Rb5 Rd7 19. Rd5 Rad8 20. Nxd4 Rxd5 21. cxd5 Rxd5 22. Nxc6 bxc6 23. Qc4 Qd7 {Svidler,P (2723)-Giri,A (2764) chess24.com INT 2020 ½-½}) ({RR} 9. Nfd2 Bf5 10. a4 Qe7 11. Nb3 Bb4 12. Na3 e4 13. Nc2 Bc3 14. Ba3 Qe5 15. Bxf8 Rxf8 16. Rb1 Rd8 17. Nc1 Qe7 18. Na2 Ba5 19. Rb3 h5 20. Qb1 b6 21. f3 exd3 22. exd3 Ne5 23. Qd1 Nfd7 {Pogosyan,S (2407)-Sarana,A (2649) Sochi 2021 0-1 (45)}) 9... h6 10. Bxf6 Qxf6 11. Nbd2 ({RR} 11. Nfd2 Qe7 12. Nb3 Bb4 13. a3 Bd6 14. Qc1 Be6 15. N1d2 f5 16. c5 Bc7 17. Nc4 Rad8 18. Rb1 Qf7 19. Nbd2 Bb8 20. Qb2 Rd7 21. Bxc6 bxc6 22. Qxb8 Rxb8 23. Rxb8+ Kh7 24. Nxe5 Qf6 25. Nxd7 Bxd7 {Puranik,A (2635)-Kanyamarala,T (2243) chess.com INT 2024 1-0 (35)}) 11... Qd8 $146 ({RR} 11... Qe7 12. Rb1 Rb8 13. Ne1 Bd7 14. Nc2 f5 15. Re1 Nb4 16. Nxb4 Bxb4 17. e3 Qd6 18. exd4 exd4 19. Qb3 Bc5 20. Bd5+ Kh8 21. Nf3 Rfe8 22. Rxe8+ Rxe8 23. Qxb7 g5 24. Qb2 Kg7 25. Nxd4 Qf6 26. Nb3 {Pultinevicius,P (2486)-Baginskaite,C (2122) Taujenai 2019 1-0 (37)}) ({RR} 11... Qe7 12. Ne4 Bb4 13. Rb1 a5 14. Ne1 Bg4 15. Nc2 f5 16. Nd2 e4 17. Nxb4 axb4 18. dxe4 Rxa2 19. h3 Bh5 20. Bf3 Bxf3 21. exf3 Na5 22. Kg2 f4 23. Rc1 d3 24. c5 Qe6 25. g4 Rd8 26. Rb1 {Andrieu,P (1686)-Firouzja,A (2763) Rouen FRA 2023 0-1 (33)}) 12. Qa4 Bd7 13. Rfb1 Qc7 14. Qd1 f5 15. Ne1 Kh7 16. Nc2 b6 17. a3 a5 18. Rb2 Rae8 19. Rab1 e4 20. dxe4 Ne5 21. Ne1 f4 22. Nd3 fxg3 23. hxg3 Bg4 24. Qe1 Rf6 25. Nxc5 bxc5 26. f4 Nd7 27. Rb7 Qd8 28. e5 Rff8 29. Ne4 Nxe5 30. fxe5 Rxe5 31. Ra7 Re7 32. Rxe7 Qxe7 33. Rb7 Qe5 34. Qxa5 Bxe2 35. Qxc5 Re8 36. Qxe5 Rxe5 37. Rd7 Bxc4 38. Rxd4 Be6 39. Kf2 Rb5 40. Rb4 Ra5 41. a4 Bd7 42. Nc3 Rc5 43. Be4+ Kg8 44. Rc4 Ra5 45. Ke3 Kf7 46. Bd5+ Ke7 47. Kd4 g5 48. Rc5 Ra7 49. a5 h5 50. Ke5 h4 51. gxh4 gxh4 52. Kd4 h3 53. Be4 Be6 54. Nd5+ Kd6 55. Nf4 Bd7 56. Rh5 Kc7 57. Nd3 Kd6 58. Nf4 Kc7 59. Kc4 Ra6 60. Nd5+ Kb8 61. Rh8+ Bc8 62. Nb6 Rxa5 63. Rxc8+ Ka7 64. Nd5 h2 65. Rh8 Ra4+ 66. Kd3 Ra3+ 67. Kd4 Ra2 68. Ke5 Rf2 69. Ne3 Re2 70. Ng4 Kb6 71. Nxh2 Rd2 72. Nf3 Rd7 73. Nd4 Kc5 74. Ne6+ Kb4 75. Rb8+ Kc3 76. Nc5 Re7+ 77. Kd6 Rg7 78. Rb3+ Kc4 79. Bd5+ 1-0

[Event "Moscow blitz 71st"]
[Site "Moscow"]
[Date "2017.09.03"]
[Round "13"]
[White "Bologan, Viktor"]
[Black "Morozevich, Alexander"]
[Result "1-0"]
[WhiteElo "2615"]
[BlackElo "2676"]
[PlyCount "115"]
[EventDate "2017.09.03"]
[EventType "tourn (blitz)"]
[EventRounds "19"]
[EventCountry "RUS"]
[EventCategory "12"]
[SourceTitle "CBM 180 Extra"]
[Source "ChessBase"]
[SourceDate "2017.10.06"]
[SourceVersion "1"]
[SourceVersionDate "2017.10.06"]
[SourceQuality "1"]

1. e4 c5 2. Nf3 g6 3. g3 Bg7 4. Bg2 Nc6 5. O-O Nf6 6. Re1 O-O 7. c3 e5 8. d3 d6 9. a3 h6 10. b4 Be6 ({RR} 10... b6 11. b5 Ne7 12. c4 a6 13. Nc3 Be6 14. Nd2 Qd7 15. Bb2 Bh3 16. Bh1 Ne8 17. a4 Nc7 18. Nf1 Rab8 19. Ne3 f5 20. exf5 Nxf5 21. Ncd5 a5 22. Nxc7 Qxc7 23. Nd5 Qf7 24. Qd2 Kh7 25. Re4 {Amin,B (2704)-Vachier Lagrave,M (2780) Abidjan 2019 0-1 (34)}) ({RR} 10... a6 11. Be3 Qe7 12. h3 b6 13. Nbd2 Bb7 14. Rb1 cxb4 15. axb4 b5 16. d4 exd4 17. cxd4 Rfe8 18. d5 Ne5 19. Nxe5 dxe5 20. Nb3 Nd7 21. Na5 Reb8 22. h4 Bf8 23. Bh3 Qd8 24. Nc6 Bxc6 25. dxc6 {Gubajdullin,A (2253)-Poddubnyi,V (2304) chess.com INT 2024 1-0}) ({RR} 10... a6 11. Nbd2 Be6 12. Nb3 b6 13. Bd2 c4 14. dxc4 Bxc4 15. Be3 Nxe4 16. Nfd2 Bxb3 17. Qxb3 Nxd2 18. Bxd2 Qc7 19. Be3 Rac8 20. Rac1 b5 21. a4 Ne7 22. Red1 Nf5 23. Bd2 Rfe8 24. axb5 axb5 25. Qd5 {Saric,I (2652)-Bologan,V (2640) Tallinn 2016 ½-½ (35)}) 11. bxc5 $146 ({RR} 11. Bb2 cxb4 12. axb4 b5 13. d4 Bd7 14. d5 Ne7 15. Ra5 Ne8 16. Na3 Qb8 17. Qe2 Nc7 18. Bc1 f5 19. Nh4 f4 20. Bf3 g5 21. Ng2 Qc8 22. g4 Kh7 23. Bd2 Ng8 24. Qd3 Bxg4 25. Nxb5 Nxb5 {Atoufi,P (2286)-Nadyrhanov,S (2487) Antalya 2002 0-1 (56)}) ({RR} 11. Bb2 Nd7 12. Qd2 Nb6 13. Qc2 a6 14. Nbd2 Rc8 15. Qd1 Qd7 16. Rc1 Bh3 17. Bh1 Bg4 18. Nb3 c4 19. Na1 Ne7 20. d4 Na4 21. Qc2 exd4 22. Nxd4 Bxd4 23. cxd4 c3 24. Bxc3 Rxc3 25. Qd2 Rxc1 {Butskhrikidze,A-Tsereteli,T (2223) Tbilisi 2002 0-1 (38)}) 11... dxc5 12. c4 Nd4 13. Nc3 Bg4 14. Be3 Rc8 15. a4 Qa5 16. Bd2 Qa6 17. a5 Rfd8 18. Re3 h5 19. Re1 Nh7 20. h3 Nxf3+ 21. Bxf3 Bxh3 22. Nd5 Qe6 23. Rb1 Rd7 24. Be3 Qd6 25. Rb5 Nf8 26. Qb3 Ne6 27. Kh2 Bg4 28. Bxg4 hxg4 29. Rxb7 f5 30. Rb1 f4 31. Bc1 Rf8 32. Rxd7 Qxd7 33. Qb7 Qa4 34. Qa6 Qe8 35. Qd6 Kh7 36. gxf4 exf4 37. Bb2 g3+ 38. Kg2 f3+ 39. Kxg3 Bxb2 40. Rxb2 Qf7 41. Qe5 g5 42. Qf5+ Qxf5 43. exf5 Rxf5 44. Rb7+ Kh6 45. Rxa7 Nd4 46. Kg4 Re5 47. Ra6+ Kg7 48. Ne3 Kf7 49. Rb6 Ne2 50. a6 Re8 51. a7 Ra8 52. Rb7+ Ke6 53. Kxg5 Kd6 54. Nd5 Kc6 55. Rb6+ Kd7 56. Ra6 Kd8 57. Nb6 Ke8 58. Na4 1-0

[Event "Cheliabinsk Kurnosov Memorial rapid"]
[Site "Cheliabinsk"]
[Date "2017.09.08"]
[Round "4"]
[White "Movsesian, Sergei"]
[Black "Girya, Olga"]
[Result "1-0"]
[WhiteElo "2671"]
[BlackElo "2505"]
[PlyCount "76"]
[EventDate "2017.09.08"]
[EventType "swiss (rapid)"]
[EventRounds "11"]
[EventCountry "RUS"]
[SourceTitle "CBM 180 Extra"]
[Source "ChessBase"]
[SourceDate "2017.10.06"]
[SourceVersion "1"]
[SourceVersionDate "2017.10.06"]
[SourceQuality "1"]

1. g3 {Marin,Mihail} d5 2. Nf3 Bg4 3. Bg2 c6 4. O-O Nd7 5. d3 e5 6. h3 Bh5 7. e4 dxe4 8. dxe4 Ngf6 9. Nbd2 Be7 10. Qe1 O-O 11. Nc4 Qc7 12. a4 ({RR} 12. Nh4 Rfe8 ({RR} 12... b5 13. Ne3 Rfe8 14. Nef5 Bf8 15. Bg5 h6 16. Bd2 Nc5 17. g4 Bg6 18. f4 exf4 19. Bxf4 Qc8 20. e5 Nd5 21. Bg3 Nd7 22. Qe4 Bc5+ 23. Kh1 Bh7 24. Rae1 Nf8 25. c4 bxc4 26. Qxc4 Ne6 27. Nd6) 13. Nf5 Bf8 14. Bd2 Nc5 15. f3 ({RR} 15. f4) 15... Nfd7 16. Rd1 b5 ({RR} 16... Nb6 17. Ba5 Ne6 18. c3) 17. Ba5 ({RR} 17. Ncd6) 17... Nb6 18. Nce3 Nb7 19. c4 ({RR} 19. Bb4 a5) 19... Red8 ({RR} 19... g6 20. Nh4 Nxa5 21. Qxa5 Bc5) 20. Rc1 Nxa5 21. Qxa5 b4 ({RR} 21... g6) 22. c5 Nd5 23. Nc4) 12... Rfe8 13. Nh4 ({RR} 13. Bd2 Bf8 14. Bc3 Bxf3 ({RR} 14... Bg6 15. Nh4 Bh5 16. Kh1 b5 17. axb5 cxb5 18. Ne3 Nc5 19. g4 Bg6 20. g5 Nh5 21. Nd5 Qb8 22. Nxg6 hxg6 23. Bf3 Nf4 24. Nxf4) 15. Bxf3 b5 16. axb5 cxb5 17. Ne3 Nc5 18. Bb4 Rac8 19. Bg2 Ncxe4 20. Bxf8 Rxf8 21. Qb4) 13... Bf8 ({RR} 13... Nc5) ({RR} 13... Rad8 14. Bd2 Bg6 15. Bc3 Bc5 16. Nxg6 hxg6 17. a5) ({RR} 13... a5 14. Bd2 b6 15. Kh1 Nc5 16. g4 Nfd7 17. f4 b5 18. axb5 cxb5 19. Ne3 Qd8 20. Nhf5 exf4 21. Nd5 Bg6 22. Bxa5 Rxa5 23. Ndxe7+ Rxe7 24. Qxa5 Re8 25. Qxd8 Rxd8 26. Rad1 f6 27. Rxf4 Rb8 28. Rf2 {Giri,A (2798)-Motylev,A (2649) Baku 2015 1-0 (34)}) ({RR} 13... Nc5 14. Nf5 Bf8 15. b4 Ne6 16. Bb2 Nd7 17. f4 exf4 18. gxf4 Bg6 19. Qg3 f6 20. Rad1 Bxb4 21. Ncd6 Bxd6 22. Nxd6 Qb6+ 23. Kh1 Qxb2 24. f5 Qe5 25. Qh4 Re7 26. fxg6 hxg6 27. Nxb7 Ndc5 28. Nd6 {Le,Q (2739)-Piesik,P (2421) chess.com INT 2024 0-1 (40)}) ({RR} 13... Nc5 14. Nf5 Bf8 15. Bg5 Nfd7 16. a5 Ne6 17. Be3 b5 18. axb6 axb6 19. Qd2 b5 20. Ncd6 Red8 21. Rxa8 Rxa8 22. c4 Rd8 23. Ra1 Ndc5 24. Bxc5 Nxc5 25. Qg5 Bg6 26. Ra7 Qb8 27. Re7 Rxd6 28. Nxd6 {Charochkina,D (2366)-Girya,O (2446) Novosibirsk 2016 0-1 (35)}) 14. Bg5 Re6 15. a5 $146 ({RR} 15. b3 b6 16. Kh1 h6 17. Bd2 Nc5 18. b4 Ncd7 19. a5 b5 20. Ne3 Rb8 21. c4 bxc4 22. g4 ({RR} 22. Nxc4) 22... Bg6 23. Nxg6 fxg6 24. Qe2 ({RR} 24. Nxc4) 24... Bxb4 25. Qxc4 Qd6 26. Nf5 gxf5 27. exf5 Bxd2 28. fxe6 Rb4 ({RR} 28... Nc5 29. Rfd1) 29. Qxc6 ({RR} 29. Qa2 Nc5 30. Rfd1 Rd4) 29... Qxc6 {Ibrahimov,R (2511)-Georgiev,K (2666) Warsaw 2005 CBM 108 [Marin,Mihail] 0-1 (50)}) 15... Rae8 16. Nf5 b5 17. axb6 axb6 18. h4 b5 19. Nd2 h6 20. Be3 c5 21. c4 Qb7 22. f3 Nb8 23. Qf2 Rd8 24. Rfd1 bxc4 25. g4 Bxg4 26. fxg4 Nxg4 27. Qf3 Nxe3 28. Nxe3 Qxb2 29. Ndxc4 Rxd1+ 30. Rxd1 Qc3 31. Qh5 Nc6 32. Rf1 Rg6 33. Kh1 Be7 34. Qf5 Rf6 35. Qc8+ Nd8 36. Rd1 Kh7 37. Nd5 Qxc4 38. Nxe7 Rd6 1-0

[Event "Paris Oscaro blitz"]
[Site "Paris"]
[Date "2017.09.16"]
[Round "9"]
[White "Le Roux, Jean Pierre"]
[Black "Vaisser, Anatoli"]
[Result "1-0"]
[WhiteElo "2554"]
[BlackElo "2506"]
[PlyCount "97"]
[EventDate "2017.09.16"]
[EventType "swiss (blitz)"]
[EventRounds "9"]
[EventCountry "FRA"]
[SourceTitle "CBM 180 Extra"]
[Source "ChessBase"]
[SourceDate "2017.10.06"]
[SourceVersion "1"]
[SourceVersionDate "2017.10.06"]
[SourceQuality "1"]

1. Nf3 f5 2. d3 Nc6 3. d4 e6 4. g3 Nf6 5. Bg2 d6 6. c4 ({RR} 6. O-O Be7 7. c4 e5 8. d5 Nb8 9. Nc3 O-O 10. e4 Na6 11. Ng5 Nc5 12. exf5 Bxf5 13. b4 Nd3 14. Ne6 Bxe6 15. dxe6 Nxc1 16. b5 Nxa2 17. Rxa2 Qc8 18. Nd5 Re8 19. Nxf6+ Bxf6 20. Be4 a6 {Gines Esteo,P (2469)-Sanchez Barbado,C (2100) San Vicente ESP 2025 1-0}) 6... e5 7. Nc3 e4 8. Ng5 h6 $146 ({RR} 8... Be7 9. Nh3 O-O 10. Nf4 Qe8 11. O-O Bd8 12. f3 Bd7 13. Ncd5 exf3 14. exf3 Qf7 15. Be3 Re8 16. Bf2 h6 17. b4 g5 18. Nxf6+ Qxf6 19. Nd5 Qg7 20. f4 g4 21. b5 Na5 22. Ne3 c6 23. Qd3 {Praggnanandhaa,R (2519)-Pruijssers,R (2564) Chess.com INT 2020 0-1 (53)}) ({RR} 8... Be7 9. Nh3 O-O 10. Nf4 Qe8 11. O-O Bd8 12. f3 Bd7 13. Ncd5 exf3 14. exf3 Qf7 15. Be3 Re8 16. Bf2 h6 17. b4 g5 18. Nxf6+ Qxf6 19. Nd5 Qg7 20. f4 g4 21. b5 Na5 22. Ne3 c6 23. Qd3 {Praggnanandhaa,R (2519)-Pruijssers,R (2564) Chess.com INT 2020 0-1 (53)}) 9. Nh3 g5 10. f3 Bg7 11. O-O exf3 12. exf3 O-O 13. f4 g4 14. Nf2 Re8 15. d5 Nb4 16. Bd2 a5 17. Nb5 Ne4 18. Nxe4 fxe4 19. Be3 Bxb2 20. Rb1 Bg7 21. f5 Rf8 22. Qxg4 Qf6 23. Nxc7 Bxf5 24. Rxf5 Qxf5 25. Qxf5 Rxf5 26. Nxa8 Nxa2 27. Rxb7 a4 28. Bxe4 Re5 29. Rxg7+ Kxg7 30. Bd4 Nb4 31. Bxe5+ dxe5 32. d6 Kf6 33. Nc7 a3 34. Bb1 a2 35. Bxa2 Nxa2 36. Kf2 Nc3 37. Ke3 Na4 38. Ke4 Nc5+ 39. Kd5 Na4 40. c5 Nc3+ 41. Kc4 Ne4 42. Nd5+ Ke6 43. Nc7+ Kd7 44. Kd5 Nc3+ 45. Kxe5 Kc6 46. Ne6 Nd1 47. Nd4+ Kd7 48. c6+ Kd8 49. Ne6+ 1-0

[Event "Douglas IoM op"]
[Site "Douglas"]
[Date "2017.09.23"]
[Round "1"]
[White "Sethuraman, SP."]
[Black "Donchenko, Alexander"]
[Result "1-0"]
[WhiteElo "2617"]
[BlackElo "2559"]
[PlyCount "73"]
[EventDate "2017.09.23"]
[EventType "swiss"]
[EventRounds "9"]
[EventCountry "IOM"]
[SourceTitle "CBM 181"]
[Source "ChessBase"]
[SourceDate "2017.11.10"]
[SourceVersion "1"]
[SourceVersionDate "2017.11.10"]
[SourceQuality "1"]

1. Nf3 Nf6 2. g3 b5 3. e3 a6 4. b3 ({RR} 4. Bg2 Bb7 5. O-O g6 6. b3 Bg7 7. Bb2 O-O 8. d4 d6 9. Nbd2 Nbd7 10. Qe2 c5 11. c4 Ne4 12. Nxe4 Bxe4 13. cxb5 axb5 14. Qxb5 Ra7 15. Qe2 Qa8 16. Bc3 Nb6 17. dxc5 Bxc3 18. cxb6 Ra3 {Caruana,F (2827)-Carlsen,M (2840) Chess.com INT 2017 ½-½ (86)}) 4... Bb7 5. c4 bxc4 6. bxc4 e5 $146 ({RR} 6... e6 7. Bg2 c5 8. O-O Be7 9. Nc3 O-O 10. Rb1 Qc8 11. Ba3 d6 12. Qe2 Nbd7 13. Rb3 Bc6 14. d3 Qc7 15. Nh4 Rfe8 16. e4 Nb6 17. f4 Nfd7 18. Nf3 Na4 19. Nb1 Bf6 20. g4 g6 21. g5 {Blohberger,F (2335)-Esipenko,A (2540) Montevideo 2017 0-1 (34)}) ({RR} 6... c5 7. Bg2 e6 8. Nc3 Be7 9. Rb1 Ra7 10. O-O O-O 11. d4 d6 12. d5 exd5 13. cxd5 Nbd7 14. Nd2 Qc7 15. Nc4 Rb8 16. Bd2 Ba8 17. Rxb8+ Qxb8 18. Na5 Rc7 19. Nc6 Bxc6 20. dxc6 Ne5 21. Qa4 {Warmerdam,M (2676)-Koellner,R (2490) Arad ROU 2024 ½-½ (69)}) 7. Bg2 e4 8. Nh4 Nc6 9. Bb2 Bd6 10. O-O O-O 11. Bxf6 Qxf6 12. Nc3 Qe6 13. Bxe4 Qxc4 14. Qb1 g6 15. Rc1 Rfb8 16. Nd5 Qa4 17. Nf6+ Kg7 18. Nxd7 Ne5 19. Bxb7 Qxd7 20. Qe4 f5 21. Qd5 Ra7 22. Bc6 Nxc6 23. Rxc6 Rb4 24. Nf3 Qf7 25. Qd3 Ra4 26. Qc2 Ra3 27. Qb2+ Qf6 28. Nd4 Ra4 29. Qb8 Rxd4 30. exd4 Qxd4 31. Rac1 f4 32. R1c4 Qxd2 33. Qxa7 Qd1+ 34. Kg2 f3+ 35. Kh3 Qf1+ 36. Kg4 h5+ 37. Kxf3 1-0

[Event "Corund Ceramica op 3rd"]
[Site "Corund"]
[Date "2017.09.30"]
[Round "8"]
[White "Svetushkin, Dmitry"]
[Black "Pavlov, Sergey1"]
[Result "1-0"]
[WhiteElo "2546"]
[BlackElo "2502"]
[PlyCount "75"]
[EventDate "2017.09.26"]
[EventType "swiss"]
[EventRounds "9"]
[EventCountry "ROU"]
[SourceTitle "EXT 2018"]
[Source "ChessBase"]
[SourceDate "2017.10.13"]
[SourceVersion "1"]
[SourceVersionDate "2017.10.13"]
[SourceQuality "1"]

1. e4 {ChessBase II} c5 2. Nf3 e6 3. d3 d5 4. Qe2 Ne7 5. g3 Nbc6 6. Bg2 g6 7. O-O Bg7 8. e5 b6 9. c3 h6 10. h4 Qc7 11. Re1 Bb7 12. Na3 a6 13. Nc2 a5 ({RR} 13... Rc8 14. Bf4 Nf5 15. Rac1 a5 16. d4 O-O 17. Qd2 Qe7 18. Bf1 f6 ({RR} 18... cxd4 19. cxd4 Nb4 20. a3 Nxc2 21. Rxc2 Rxc2 22. Qxc2 Rc8) 19. Bh3 fxe5 20. Nxe5 Bxe5 21. Bxe5 g5 22. hxg5 Qxg5 23. Bf4 Qg6 24. Qd3 c4 25. Qe2 Rf6 26. Qg4 Rcf8 27. a4 h5 28. Qxg6+ {Bologan,V (2641)-Van Wely,L (2643) Eforie Nord 2000 CBM 081 [ChessBase II] 1-0 (40)}) 14. a4 Ba6 15. Na3 Na7 16. c4 $146 ({RR} 16. Nh2 O-O-O 17. Bd2 Nec6 18. Nf3 Bf8 19. Rab1 c4 20. dxc4 Bxa3 21. bxa3 Bxc4 22. Qd1 Nb8 23. Qc1 h5 24. Bg5 Rde8 25. Nd2 Bd3 26. Rb2 Nd7 27. c4 dxc4 28. Nxc4 Qxc4 29. Qe3 Nc5 30. Rc1 Qa6 {Lobzhanidze,D (2458)-Braun,A (2366) Dresden 2003 1-0 (34)}) 16... Rd8 17. Nb5 Nxb5 18. cxb5 Bb7 19. d4 Nf5 20. b3 Bf8 21. Ba3 Be7 22. Rac1 c4 23. Bb2 Qb8 24. bxc4 dxc4 25. Rxc4 Bd5 26. Rec1 Bxc4 27. Rxc4 Rc8 28. Rc6 O-O 29. h5 g5 30. Nh2 Rfd8 31. d5 exd5 32. Qd3 Rxc6 33. bxc6 Qc8 34. Bh3 Qxc6 35. Bxf5 Qxa4 36. e6 f6 37. Ng4 Kg7 38. Bh7 1-0

[Event "Asia-chT KO blitz U23 5th"]
[Site "Ashkhabad"]
[Date "2017.09.27"]
[Round "1.2"]
[White "Maghsoodloo, Parham"]
[Black "Vaibhav, Suri"]
[Result "1-0"]
[WhiteElo "2569"]
[BlackElo "2560"]
[PlyCount "119"]
[EventDate "2017.09.27"]
[EventType "team (blitz)"]
[EventRounds "2"]
[EventCountry "TKM"]
[SourceTitle "EXT 2018"]
[Source "ChessBase"]
[SourceDate "2017.10.13"]
[SourceVersion "1"]
[SourceVersionDate "2017.10.13"]
[SourceQuality "1"]
[WhiteTeam "Iran"]
[BlackTeam "India"]
[WhiteTeamCountry "IRI"]
[BlackTeamCountry "IND"]

1. Nf3 d5 2. g3 Bg4 3. Bg2 c6 4. O-O Nd7 5. d3 Ngf6 6. Nbd2 e5 7. h3 Bh5 8. g4 Bg6 9. Nh4 Bc5 10. e3 O-O 11. Nxg6 ({RR} 11. Nb3 Bb6 12. a4 a5 13. Nxg6 fxg6 14. Nd2 g5 15. c4 h6 16. cxd5 cxd5 17. Qb3 Nc5 18. Qb5 Qd6 19. Nb3 Ne6 20. Nd2 Rac8 21. Nf3 e4 22. dxe4 Nxe4 23. Rd1 Rc5 24. Qd3 Qc7 25. Bd2 Rd8 {Padmini,R (2328)-Gunina,V (2425) FIDE Online Arena INT 2024 1-0 (36)}) 11... hxg6 12. c4 dxc4 $146 ({RR} 12... d4 13. Nb3 a5 14. exd4 exd4 15. Nxc5 Nxc5 16. b3 Nfd7 17. f4 f5 18. gxf5 gxf5 19. Qf3 Re8 20. Bd2 Nf8 21. Rae1 Ng6 22. Rxe8+ Qxe8 23. Qg3 Qe2 24. Rf2 Qh5 25. Bf3 Qh6 26. Be2 Re8 27. Kf1 {Maghsoodloo,P (2575)-Kuybokarov,T (2491) Moscow 2017 0-1 (55)}) 13. Nxc4 Re8 14. a3 a5 15. b3 Bf8 16. Qc2 Qc7 17. Bb2 Nb6 18. Rfd1 Nfd7 19. d4 exd4 20. Bxd4 Nxc4 21. Qxc4 Be7 22. b4 axb4 23. axb4 Bf6 24. Rxa8 Rxa8 25. Bxf6 Nxf6 26. b5 Rc8 27. Rc1 c5 28. g5 Ne8 29. Qg4 Nd6 30. Rd1 Rd8 31. Bf1 b6 32. Qf4 Qe7 33. Rd5 Nf5 34. Bc4 Rxd5 35. Bxd5 Nd6 36. h4 Kf8 37. e4 f6 38. Qg4 f5 39. exf5 gxf5 40. Qh5 Qe5 41. Qh8+ Ke7 42. Bc6 c4 43. Qb8 Qc5 44. Qc7+ Ke6 45. Qd7+ Ke5 46. Qxg7+ Kf4 47. Qc3 Ne4 48. Bxe4 fxe4 49. g6 Kf5 50. g7 Qd5 51. Qg3 Qg8 52. h5 Kf6 53. Qg6+ Ke5 54. h6 c3 55. h7 Qd8 56. g8=Q Qd1+ 57. Kh2 Qf3 58. Qg3+ Kd4 59. Qxf3 exf3 60. h8=Q+ 1-0

[Event "RUS-ch blitz"]
[Site "Sochi"]
[Date "2017.10.02"]
[Round "7"]
[White "Fedoseev, Vladimir1"]
[Black "Alekseenko, Kirill"]
[Result "1-0"]
[WhiteElo "2731"]
[BlackElo "2563"]
[PlyCount "133"]
[EventDate "2017.10.02"]
[EventType "swiss (blitz)"]
[EventRounds "20"]
[EventCountry "RUS"]
[SourceTitle "EXT 2018"]
[Source "ChessBase"]
[SourceDate "2017.10.13"]
[SourceVersion "1"]
[SourceVersionDate "2017.10.13"]
[SourceQuality "1"]

1. Nf3 d5 2. b3 Nf6 3. Bb2 Bf5 4. e3 e6 5. Be2 c6 6. Nh4 ({RR} 6. O-O Be7 7. Ne5 h6 8. c4 Nbd7 9. f4 O-O 10. d3 Bh7 11. Nd2 a5 12. a3 b5 13. cxb5 cxb5 14. Nc6 Qe8 15. Nf3 Rc8 16. Nxe7+ Qxe7 17. Qd2 Nc5 18. Nd4 e5 19. fxe5 Qxe5 20. Nf5 Qe6 {Kourkoulos Arditis,S (2580)-Zeneli,K (2209) chess.com INT 2025 1-0}) 6... Bg6 7. d3 $146 ({RR} 7. Nxg6 hxg6 8. g3 Nbd7 9. d4 Bd6 10. Nd2 Qe7 11. Nf3 Ne4 12. a3 Ndf6 13. Ne5 Nd7 14. Nxd7 Qxd7 15. Bf3 O-O 16. Bxe4 dxe4 17. Qg4 Be7 18. Qxe4 Qd5 19. Qxd5 cxd5 20. Kd2 Rac8 21. Rhc1 b5 {Fiorito,F (2305)-Harish,N (2231) chess.com INT 2023 1-0 (46)}) ({RR} 7. O-O Nbd7 8. c4 Bd6 9. Nc3 a5 10. d4 Ne4 11. g3 Ndf6 12. Nxg6 hxg6 13. f3 Nxc3 14. Bxc3 Qc7 15. Kg2 O-O 16. Rc1 e5 17. Qd2 e4 18. f4 Bb4 19. Rc2 Qe7 20. Rfc1 Bxc3 21. Rxc3 a4 {Kezin,R (2510)-Vinod,R (2173) Chess.com INT 2022 1-0}) 7... a5 8. a3 Bd6 9. Nd2 Na6 10. h3 O-O 11. Nxg6 hxg6 12. d4 Qc7 13. O-O e5 14. c4 exd4 15. Bxd4 Be5 16. Nf3 Bxd4 17. Qxd4 Rfd8 18. Qc3 Nc5 19. cxd5 Nce4 20. Qc2 Rxd5 21. b4 Rad8 22. Bc4 R5d7 23. Nd4 Qe5 24. Rad1 axb4 25. axb4 g5 26. Nf3 Qe7 27. Rxd7 Rxd7 28. b5 c5 29. Qb2 g4 30. Ne5 Rd2 31. Qa1 Nd6 32. hxg4 Nfe4 33. Bd3 Qe8 34. Bxe4 Nxe4 35. Nf3 Rd6 36. Qb1 Rg6 37. Qd3 Rxg4 38. Qd5 b6 39. Rc1 Qe6 40. Qxe6 fxe6 41. Ne5 Rg5 42. Nc4 Rf5 43. f3 Ng3 44. Kf2 Ne4+ 45. Ke1 Nf6 46. Ke2 Nd5 47. e4 Nf4+ 48. Kf1 Rh5 49. Rc2 Rh1+ 50. Kf2 Rb1 51. Ke3 g5 52. g3 Rb3+ 53. Kf2 Nd3+ 54. Ke2 Nb4 55. Rb2 Rc3 56. Nxb6 Nd3 57. Rb1 Ne5 58. Na4 Rxf3 59. Nxc5 Rxg3 60. b6 Rg2+ 61. Kf1 Rg4 62. b7 Nc6 63. Rb6 Nb8 64. Rd6 Kf7 65. Rd8 Nc6 66. Rc8 Rf4+ 67. Ke2 1-0

[Event "RUS-ch blitz"]
[Site "Sochi"]
[Date "2017.10.02"]
[Round "13"]
[White "Khismatullin, Denis Rimovich"]
[Black "Tsydypov, Zhamsaran"]
[Result "1-0"]
[WhiteElo "2628"]
[BlackElo "2529"]
[PlyCount "113"]
[EventDate "2017.10.02"]
[EventType "swiss (blitz)"]
[EventRounds "20"]
[EventCountry "RUS"]
[SourceTitle "EXT 2018"]
[Source "ChessBase"]
[SourceDate "2017.10.13"]
[SourceVersion "1"]
[SourceVersionDate "2017.10.13"]
[SourceQuality "1"]

1. Nf3 d5 2. g3 Nf6 3. Bg2 Bg4 4. c4 e6 5. cxd5 exd5 6. Qb3 Qc8 7. Nc3 c6 8. O-O Be7 9. d3 O-O 10. Bf4 Nbd7 11. Rac1 Nc5 12. Qc2 a5 $146 ({RR} 12... Re8 13. Nd4 Bh3 14. e4 Bxg2 15. Kxg2 Bf8 16. exd5 {½-½ (16) Pitzl,K (2048)-Kayaman,M (1878) Katerini 2014}) 13. e4 dxe4 14. dxe4 Bh3 15. e5 Bf5 16. exf6 Bxc2 17. fxe7 Re8 18. Rxc2 Nd3 19. Be3 Nb4 20. Rd2 Rxe7 21. Rfd1 Qf5 22. a3 Na6 23. Nd4 Qh5 24. Bf3 Qg6 25. Nb3 h6 26. Kg2 Nc7 27. Nc5 Ne6 28. Nxe6 Qxe6 29. Rd6 Qf5 30. R1d2 Rae8 31. h3 Re6 32. Rd7 R6e7 33. R7d6 Rxe3 34. fxe3 Rxe3 35. Rd8+ Kh7 36. Rf2 Qg6 37. Rd7 f5 38. Ne2 Rb3 39. Nd4 Rd3 40. Ne6 Qxe6 41. Rxd3 Qe5 42. Re2 Qb5 43. Rdd2 Qb6 44. Re7 Qb5 45. Rf2 Kg6 46. Re6+ Kf7 47. Rd6 Ke7 48. Rdd2 Kf6 49. Be2 Qb3 50. Bf3 g6 51. Rd6+ Kg7 52. Rfd2 h5 53. h4 Kh6 54. Re2 Qc4 55. Ree6 Qc2+ 56. Kh3 f4 57. Be4 1-0